[Event "BL2-Ost 1920"]
[Site "Germany"]
[Date "2021.08.08"]
[Round "10.8"]
[White "Koslov, Philipp"]
[Black "Ciolek, Andreas"]
[Result "0-1"]
[WhiteElo "1857"]
[BlackElo "2238"]
[PlyCount "118"]
[EventDate "2019.10.19"]
[EventType "team-tourn"]
[EventRounds "11"]
[EventCountry "GER"]
[SourceTitle "EXT 2023"]
[Source "ChessBase"]
[SourceDate "2022.10.05"]
[SourceVersion "1"]
[SourceVersionDate "2022.10.05"]
[SourceQuality "1"]
[WhiteTeam "Bad Mergentheim"]
[BlackTeam "Muenchen SC"]
[WhiteTeamCountry "GER"]
[BlackTeamCountry "GER"]

1. e4 c6 2. d4 d5 3. exd5 cxd5 4. Bd3 Nf6 5. Bf4 Qb6 6. b3 Bg4 7. Ne2 e6 8. 0-0 Bd6 9. Bxd6 Qxd6 10. Qd2 Nc6 11. c3 Bxe2 12. Qxe2 Qf4 13. Nd2 0-0 14. g3 Qg4 15. f4 Qxe2 16. Bxe2 Ne7 17. Bd3 Rac8 18. Rac1 g6 19. Rfe1 Rc7 20. Nf3 Rfc8 21. c4 dxc4 22. Rxc4 Rxc4 23. bxc4 Nc6 24. Rb1 Rc7 25. Kf2 Na5 26. Ne5 b6 27. Ke3 Ne8 28. Rc1 f6 29. Nf3 Kf7 30. g4 Nd6 31. Nd2 Nc6 32. c5 Nb4 33. Nb3 Nc8 34. a3 Nd5+ 35. Kf3 Nce7 36. h4 Nc6 37. Be4 bxc5 38. Bxd5 exd5 39. dxc5 Rb7 40. Nd2 Rb2 41. Ke3 Ra2 42. Kd3 Rxa3+ 43. Rc3 Ra4 44. Rb3 Rxf4 45. Rb7+ Ke6 46. h5 Rxg4 47. h6 Rh4 48. Rxh7 Ne5+ 49. Kc3 d4+ 50. Kb4 Kd5 51. Kb5 Rh2 52. Rh8 Rxd2 53. Rd8+ Ke6 54. h7 Rb2+ 55. Ka6 Nf7 56. c6 Rb6+ 57. Ka5 Rxc6 58. Rf8 Rc5+ 59. Kb4 Rh5 0-1

[Event "Baden-ch op U1400"]
[Site "Birkenfeld"]
[Date "2013.05.31"]
[Round "3"]
[White "Bernauer, Bernhard"]
[Black "Koslov, Philipp"]
[Result "0-1"]
[WhiteElo "1314"]
[BlackElo "1258"]
[PlyCount "48"]
[EventDate "2013.05.30"]
[EventType "swiss"]
[EventRounds "7"]
[EventCountry "GER"]
[SourceTitle "EXT 2014"]
[Source "ChessBase"]
[SourceDate "2013.11.20"]
[SourceVersion "1"]
[SourceVersionDate "2013.11.20"]
[SourceQuality "1"]

1. e4 e5 2. Nf3 Nf6 3. Nc3 Nc6 4. Bb5 Nd4 5. Bc4 Nc6 6. Ng5 d5 7. exd5 Nxd5 8. Nxd5 Qxg5 9. Nxc7+ Kd8 10. Nxa8 Qxg2 11. Rf1 Nd4 12. Be2 Bc5 13. c3 Re8 14. d3 Bf5 15. b4 Bd6 16. Be3 Qg6 17. cxd4 exd4 18. Qd2 dxe3 19. fxe3 Bxh2 20. 0-0-0 Ke7 21. Nc7 Bxc7 22. e4 Be6 23. Rg1 Qf6 24. Kb1 Kf8 0-1

[Event "Baden-ch op U1400"]
[Site "Birkenfeld"]
[Date "2013.05.30"]
[Round "2"]
[White "Koslov, Philipp"]
[Black "Grueneschild, Hildegard"]
[Result "1-0"]
[WhiteElo "1258"]
[BlackElo "1564"]
[PlyCount "79"]
[EventDate "2013.05.30"]
[EventType "swiss"]
[EventRounds "7"]
[EventCountry "GER"]
[SourceTitle "EXT 2014"]
[Source "ChessBase"]
[SourceDate "2013.11.20"]
[SourceVersion "1"]
[SourceVersionDate "2013.11.20"]
[SourceQuality "1"]

1. e4 c5 2. Nf3 d6 3. Bc4 Nf6 4. Nc3 a6 5. a4 Nc6 6. d3 e6 7. 0-0 Be7 8. Bb3 0-0 9. Bf4 Bd7 10. Re1 Rc8 11. Qd2 Ng4 12. h3 Nge5 13. Nxe5 Nxe5 14. Bxe5 dxe5 15. Rad1 Bc6 16. Qe3 b6 17. Bc4 Bb7 18. f4 exf4 19. Qxf4 Qd4+ 20. Qf2 Qxf2+ 21. Kxf2 Bh4+ 22. g3 Bf6 23. Ne2 Bxb2 24. c3 Bc6 25. Rb1 Ba3 26. Rxb6 Bxa4 27. Ra1 Rc6 28. Rxc6 Bxc6 29. Rxa3 Bb5 30. Bxb5 axb5 31. Ra5 Rb8 32. d4 c4 33. Ke3 Kf8 34. d5 exd5 35. exd5 b4 36. cxb4 Rxb4 37. d6 Rb3+ 38. Kd4 Rd3+ 39. Kc5 c3 40. Ra8# 1-0